[Event "NB1 Charousek csoport"]
[Site "Dunaharaszti"]
[Date "2024.12.01"]
[Round "3.6"]
[White "Kovacs, Lajos"]
[Black "Szegedy, Matyas"]
[Result "1/2-1/2"]
[WhiteElo "2184"]
[BlackElo "2276"]
[PlyCount "137"]
[GameId "2119494788192207"]
[EventDate "2024.11.03"]
[EventType "team-tourn"]
[EventRounds "11"]
[EventCountry "HUN"]
[Source "chess.hu"]
[WhiteTeam "Dunaharaszti MTK"]
[BlackTeam "ASE II. Paks"]
[WhiteTeamCountry "HUN"]
[BlackTeamCountry "HUN"]

1. d4 Nf6 2. Nf3 c5 3. c3 d5 4. Bf4 Nc6 5. Nbd2 Qb6 6. Qb3 c4 7. Qxb6 axb6 8. a3 h6 9. h3 Bf5 10. Ne5 e6 11. g4 Bh7 12. Nxc6 bxc6 13. Bg2 Be7 14. Nxc4 O-O 15. Ne5 Rfc8 16. O-O c5 17. Rac1 c4 18. Rce1 Ra5 19. Bc1 Rb5 20. Nf3 Ne4 21. Rd1 f6 22. Nd2 Nd6 23. f4 Bc2 24. Rde1 f5 25. Nf3 Ne4 26. Kh2 Rf8 27. gxf5 Rxf5 28. Rg1 Kh7 29. Ne5 Bh4 30. Bxe4 Bxe4 31. Ref1 Rh5 32. Nc6 Bf5 33. b4 cxb3 34. Bb2 Bf6 35. Rf3 Be4 36. Rfg3 Rf5 37. e3 g5 38. a4 gxf4 39. exf4 Ra5 40. Nxa5 bxa5 41. Bc1 b2 42. Bxb2 Rxf4 43. Rg4 Rf2+ 44. R1g2 Bxg2 45. Rxg2 Rf5 46. Bc1 e5 47. Be3 e4 48. Rf2 Rxf2+ 49. Bxf2 Bg5 50. Be1 Kg6 51. Kg2 Kf5 52. c4 dxc4 53. Bxa5 Ke6 54. Bc3 Kd5 55. a5 Kc6 56. Kf2 Kb5 57. Ke2 h5 58. Kf2 Bd8 59. Ke3 Bxa5 60. Bxa5 Kxa5 61. Kxe4 Kb4 62. d5 Kc5 63. d6 Kxd6 64. Kd4 Ke6 65. Kxc4 Kf5 66. Kd3 Kf4 67. Ke2 Kg3 68. Kf1 Kxh3 69. Kg1 1/2-1/2

[Event "NB1 Charousek csoport"]
[Site "Dunaharaszti"]
[Date "2024.12.01"]
[Round "3.7"]
[White "Tancsa, Tamas"]
[Black "Szekeres, Tibor"]
[Result "0-1"]
[WhiteElo "2198"]
[BlackElo "2029"]
[PlyCount "66"]
[GameId "2119494835419103"]
[EventDate "2024.11.03"]
[EventType "team-tourn"]
[EventRounds "11"]
[EventCountry "HUN"]
[Source "chess.hu"]
[WhiteTeam "ASE II. Paks"]
[BlackTeam "Dunaharaszti MTK"]
[WhiteTeamCountry "HUN"]
[BlackTeamCountry "HUN"]

1. e4 c5 2. Nf3 a6 3. c3 e6 4. Be2 d5 5. exd5 exd5 6. d4 Nf6 7. O-O c4 8. b3 b5 9. a4 Bb7 10. Re1 Be7 11. Ba3 Nc6 12. Bxe7 Nxe7 13. Na3 Ne4 14. Qc2 Qa5 15. Nd2 Nxc3 16. Bf3 b4 17. Naxc4 Qc7 18. Ne3 O-O 19. Ndf1 Rac8 20. Rac1 Qd7 21. Qd3 f5 22. Ng3 g6 23. Ne2 Ne4 24. g3 g5 25. Ng2 h6 26. h4 Nf6 27. Rxc8 Nxc8 28. hxg5 hxg5 29. Nc1 Qg7 30. Qxf5 Ne4 31. Qe6+ Kh8 32. Re3 Ncd6 33. Nd3 Nf5 0-1

[Event "NB1 Charousek csoport"]
[Site "Dunaharaszti"]
[Date "2024.12.01"]
[Round "3.8"]
[White "Markos, Adam"]
[Black "Losonczi, Marcell"]
[Result "1/2-1/2"]
[WhiteElo "2109"]
[BlackElo "2197"]
[PlyCount "75"]
[GameId "2119494877226991"]
[EventDate "2024.11.03"]
[EventType "team-tourn"]
[EventRounds "11"]
[EventCountry "HUN"]
[Source "chess.hu"]
[WhiteTeam "Dunaharaszti MTK"]
[BlackTeam "ASE II. Paks"]
[WhiteTeamCountry "HUN"]
[BlackTeamCountry "HUN"]

1. e4 e5 2. Nf3 Nc6 3. Bb5 a6 4. Ba4 d6 5. c3 f5 6. d3 Nf6 7. Qe2 Be7 8. h3 Be6 9. Ng5 Bc8 10. exf5 Bxf5 11. g4 Bd7 12. Bb3 d5 13. f4 h6 14. fxe5 hxg5 15. exf6 gxf6 16. Bxd5 Ne5 17. d4 Bb5 18. Qe4 Nd3+ 19. Kd2 Qd6 20. Bxb7 Rb8 21. a4 f5 22. gxf5 Nc5 23. Qf3 g4 24. hxg4 Rh2+ 25. Rxh2 Qxh2+ 26. Qg2 Nb3+ 27. Kd1 Qxg2 28. Bxg2 Bd3 29. Bc6+ Kd8 30. f6 Bxf6 31. Ra3 Bxb1 32. a5 Bd3 33. Bf4 Be7 34. Ra4 Bd6 35. Bg5+ Be7 36. Bf4 Bd6 37. Bg5+ Be7 38. Bf4 1/2-1/2

[Event "NB1 Charousek csoport"]
[Site "Dunaharaszti"]
[Date "2024.12.01"]
[Round "3.9"]
[White "Toth, Gergely"]
[Black "Kovacs, Istvan"]
[Result "1-0"]
[WhiteElo "2152"]
[BlackElo "2046"]
[PlyCount "69"]
[GameId "2119494911694847"]
[EventDate "2024.11.03"]
[EventType "team-tourn"]
[EventRounds "11"]
[EventCountry "HUN"]
[Source "chess.hu"]
[WhiteTeam "ASE II. Paks"]
[BlackTeam "Dunaharaszti MTK"]
[WhiteTeamCountry "HUN"]
[BlackTeamCountry "HUN"]

1. e4 c5 2. Nf3 e6 3. d4 cxd4 4. Nxd4 Nf6 5. Nc3 d6 6. g3 e5 7. Nde2 Be7 8. Bg2 Be6 9. O-O O-O 10. h3 Nbd7 11. Kh2 Nb6 12. f4 Rc8 13. Qd3 Bc4 14. Qf3 Qc7 15. Rd1 Rfd8 16. Be3 h6 17. Rac1 Bxe2 18. Nxe2 Nc4 19. b3 Nxe3 20. Qxe3 Qa5 21. a4 a6 22. c4 Qb4 23. Rb1 Bf8 24. Nc3 exf4 25. gxf4 Re8 26. Qd2 Qc5 27. Nd5 Nxe4 28. Bxe4 Rxe4 29. Nf6+ gxf6 30. Qg2+ Kh8 31. Qxe4 Qf2+ 32. Kh1 d5 33. Rxd5 Re8 34. Qg2 Qxf4 35. Rg1 1-0

[Event "NB1 Charousek csoport"]
[Site "Dunaharaszti"]
[Date "2024.12.01"]
[Round "3.10"]
[White "Majoros, Rozsa Evelin"]
[Black "Benedeczky, Lehel Dr."]
[Result "0-1"]
[WhiteElo "1998"]
[BlackElo "2115"]
[PlyCount "90"]
[GameId "2119494944835599"]
[EventDate "2024.11.03"]
[EventType "team-tourn"]
[EventRounds "11"]
[EventCountry "HUN"]
[Source "chess.hu"]
[WhiteTeam "Dunaharaszti MTK"]
[BlackTeam "ASE II. Paks"]
[WhiteTeamCountry "HUN"]
[BlackTeamCountry "HUN"]

1. e4 c6 2. d4 d5 3. e5 Bf5 4. h4 h5 5. Bd3 Bxd3 6. Qxd3 e6 7. Bg5 Be7 8. Nf3 Nh6 9. Nbd2 Nf5 10. g3 Na6 11. Kf1 Qb6 12. Bxe7 Nxe7 13. Kg2 Nf5 14. c4 dxc4 15. Nxc4 Qb4 16. Rac1 Rd8 17. Qe4 O-O 18. Rhd1 Nc7 19. Ng5 Nd5 20. a3 Qe7 21. b4 g6 22. Rd3 Kg7 23. f4 Rd7 24. Rcd1 Rfd8 25. Kh2 Nc7 26. Na5 Nb5 27. Nb3 Rd5 28. a4 Nc7 29. Qe1 Na6 30. b5 cxb5 31. axb5 Rxb5 32. Ne4 Nb4 33. Rc3 Nd5 34. Rcd3 Rc8 35. Rc1 Rxc1 36. Qxc1 Qc7 37. Qxc7 Nxc7 38. Nd6 Rb4 39. Nc5 b6 40. Nxf5+ gxf5 41. Nd7 Nd5 42. Kg2 Rc4 43. Kf2 Rc7 44. Nb8 Nb4 45. Rb3 a5 0-1

[Event "NB1 Charousek csoport"]
[Site "Dunaharaszti"]
[Date "2024.12.01"]
[Round "3.11"]
[White "Berta, Tibor"]
[Black "Schubert, Gyula"]
[Result "1/2-1/2"]
[WhiteElo "2053"]
[BlackElo "1977"]
[PlyCount "43"]
[GameId "2119494986663967"]
[EventDate "2024.11.03"]
[EventType "team-tourn"]
[EventRounds "11"]
[EventCountry "HUN"]
[Source "chess.hu"]
[WhiteTeam "ASE II. Paks"]
[BlackTeam "Dunaharaszti MTK"]
[WhiteTeamCountry "HUN"]
[BlackTeamCountry "HUN"]

1. d4 Nf6 2. Nf3 g6 3. c4 Bg7 4. Nc3 d6 5. e4 O-O 6. Be2 e5 7. O-O Nbd7 8. Be3 Ng4 9. Bg5 f6 10. Bh4 g5 11. Bg3 Nh6 12. Qd2 Nf7 13. Rfd1 c6 14. dxe5 dxe5 15. Ne1 Qe7 16. f3 Nc5 17. Bf2 Be6 18. b4 Nd7 19. a3 Rfd8 20. Qc2 Bf8 21. Na4 b6 22. Nc3 1/2-1/2

[Event "NB1 Charousek csoport"]
[Site "Dunaharaszti"]
[Date "2024.12.01"]
[Round "3.12"]
[White "Koronczai, Csongor"]
[Black "Toth, Nikoletta"]
[Result "1/2-1/2"]
[WhiteElo "1776"]
[BlackElo "1986"]
[PlyCount "82"]
[GameId "2119495022876719"]
[EventDate "2024.11.03"]
[EventType "team-tourn"]
[EventRounds "11"]
[EventCountry "HUN"]
[Source "chess.hu"]
[WhiteTeam "Dunaharaszti MTK"]
[BlackTeam "ASE II. Paks"]
[WhiteTeamCountry "HUN"]
[BlackTeamCountry "HUN"]

1. e4 e5 2. Nc3 Nf6 3. f4 d5 4. fxe5 Nxe4 5. Qf3 Nc6 6. Bb5 Nxc3 7. dxc3 a6 8. Bxc6+ bxc6 9. Qg3 Bf5 10. Nf3 Qd7 11. Nd4 Bg6 12. O-O c5 13. e6 fxe6 14. Nf3 Bd6 15. Ne5 Bxe5 16. Qxe5 O-O-O 17. Qe2 Qc6 18. Bf4 Rhg8 19. Rad1 Bf5 20. g4 Be4 21. b4 cxb4 22. cxb4 g5 23. Be5 Qb6+ 24. Rf2 Rdf8 25. Rdf1 Rxf2 26. Rxf2 Rf8 27. c3 Rxf2 28. Qxf2 Qxf2+ 29. Kxf2 Kb7 30. Bf6 Kb6 31. Bd8 Kc6 32. Ke3 Bb1 33. a4 Bc2 34. a5 Bd1 35. h3 Ba4 36. Bxg5 Kd6 37. h4 c5 38. Bh6 d4+ 39. cxd4 cxb4 40. Bf8+ Kd5 41. Bxb4 Bd1 1/2-1/2

[Event "NB1 Charousek csoport"]
[Site "Komlo"]
[Date "2024.12.01"]
[Round "3.1"]
[White "Ostovic, Matija"]
[Black "Csiszar, Csaba"]
[Result "1/2-1/2"]
[WhiteElo "2380"]
[BlackElo "2378"]
[PlyCount "53"]
[GameId "2119695254713187"]
[EventDate "2024.11.03"]
[EventType "team-tourn"]
[EventRounds "11"]
[EventCountry "HUN"]
[Source "chess.hu"]
[WhiteTeam "Tapolca Varosi SE"]
[BlackTeam "Komloi BSK"]
[WhiteTeamCountry "HUN"]
[BlackTeamCountry "HUN"]

1. d4 Nf6 2. c4 e6 3. Nf3 d5 4. Nc3 Bb4 5. Qa4+ Nc6 6. e3 Bd7 7. Qc2 a5 8. Bd3 Bd6 9. a3 dxc4 10. Bxc4 e5 11. O-O O-O 12. dxe5 Nxe5 13. Nxe5 Bxe5 14. f4 Bxc3 15. Qxc3 Bc6 16. b3 Ne4 17. Qc2 Qe7 18. Bb2 Rad8 19. Rad1 Qc5 20. Rd4 Rxd4 21. Bxd4 Qf5 22. Rd1 h5 23. Be5 h4 24. Rd4 Nd6 25. Bd3 Qe6 26. Qf2 Nf5 27. Bxf5 1/2-1/2

[Event "NB1 Charousek csoport"]
[Site "Komlo"]
[Date "2024.12.01"]
[Round "3.2"]
[White "Ronai, Akos Balazs"]
[Black "Istvandi, Lajos"]
[Result "1-0"]
[WhiteElo "2205"]
[BlackElo "2227"]
[PlyCount "77"]
[GameId "2119695297102707"]
[EventDate "2024.11.03"]
[EventType "team-tourn"]
[EventRounds "11"]
[EventCountry "HUN"]
[Source "chess.hu"]
[WhiteTeam "Komloi BSK"]
[BlackTeam "Tapolca Varosi SE"]
[WhiteTeamCountry "HUN"]
[BlackTeamCountry "HUN"]

1. e4 e5 2. Nc3 g6 3. f4 exf4 4. Nf3 Ne7 5. Bc4 Nbc6 6. d4 Na5 7. Qe2 Bg7 8. Bxf4 O-O 9. O-O d6 10. Rad1 Nxc4 11. Qxc4 Be6 12. d5 Bg4 13. Rd2 h6 14. h4 Kh7 15. Nd4 a6 16. Rdf2 Nc8 17. Bg3 Nb6 18. Qd3 Qe7 19. Rf4 h5 20. Nf3 Bxf3 21. R4xf3 Nd7 22. b4 Ne5 23. Bxe5 Bxe5 24. g3 a5 25. b5 a4 26. Nd1 Kg8 27. Nf2 Qd7 28. c4 Rfe8 29. Qd2 Re7 30. Kg2 c6 31. Nh3 cxb5 32. Ng5 Rf8 33. Ne6 Rxe6 34. dxe6 Qxe6 35. cxb5 Kg7 36. Qd5 Qd7 37. Rc1 Bb2 38. Rc2 a3 39. b6 1-0

[Event "NB1 Charousek csoport"]
[Site "Komlo"]
[Date "2024.12.01"]
[Round "3.3"]
[White "Dobos, Jozsef"]
[Black "Karsa, Laszlo"]
[Result "1/2-1/2"]
[WhiteElo "2227"]
[BlackElo "2314"]
[PlyCount "23"]
[GameId "2119695351350149"]
[EventDate "2024.11.03"]
[EventType "team-tourn"]
[EventRounds "11"]
[EventCountry "HUN"]
[Source "chess.hu"]
[WhiteTeam "Tapolca Varosi SE"]
[BlackTeam "Komloi BSK"]
[WhiteTeamCountry "HUN"]
[BlackTeamCountry "HUN"]

1. Nf3 Nf6 2. c4 e6 3. e3 b6 4. Be2 Bb7 5. O-O Be7 6. b3 O-O 7. Bb2 c5 8. Nc3 d6 9. d4 cxd4 10. Qxd4 a6 11. Rad1 Nbd7 12. h3 1/2-1/2

[Event "NB1 Charousek csoport"]
[Site "Komlo"]
[Date "2024.12.01"]
[Round "3.4"]
[White "Benedek, Istvan"]
[Black "Pasztor, Ferenc"]
[Result "1/2-1/2"]
[WhiteElo "2203"]
[BlackElo "2035"]
[PlyCount "24"]
[GameId "2119695394161557"]
[EventDate "2024.11.03"]
[EventType "team-tourn"]
[EventRounds "11"]
[EventCountry "HUN"]
[Source "chess.hu"]
[WhiteTeam "Komloi BSK"]
[BlackTeam "Tapolca Varosi SE"]
[WhiteTeamCountry "HUN"]
[BlackTeamCountry "HUN"]

1. e4 e5 2. Nf3 Nf6 3. d4 Nxe4 4. dxe5 d5 5. Nbd2 Nxd2 6. Bxd2 Be7 7. Bd3 c5 8. c3 Nc6 9. h3 Be6 10. O-O g5 11. Qc2 h6 12. Bf5 Qd7 1/2-1/2

[Event "NB1 Charousek csoport"]
[Site "Komlo"]
[Date "2024.12.01"]
[Round "3.5"]
[White "Toth, Barnabas"]
[Black "Ivan, Attila"]
[Result "1/2-1/2"]
[WhiteElo "1912"]
[BlackElo "2218"]
[PlyCount "51"]
[GameId "2119695554925496"]
[EventDate "2024.11.03"]
[EventType "team-tourn"]
[EventRounds "11"]
[EventCountry "HUN"]
[Source "chess.hu"]
[WhiteTeam "Tapolca Varosi SE"]
[BlackTeam "Komloi BSK"]
[WhiteTeamCountry "HUN"]
[BlackTeamCountry "HUN"]

1. d4 Nf6 2. c4 c5 3. dxc5 e6 4. g3 Bxc5 5. Bg2 Nc6 6. Nf3 d5 7. cxd5 Qxd5 8. O-O Qxd1 9. Rxd1 Ne4 10. e3 Bd7 11. Nd4 Nf6 12. Nc3 Rc8 13. a3 a6 14. b4 Nxd4 15. exd4 Bd6 16. Bb2 Rc7 17. Rac1 O-O 18. Nb1 Rfc8 19. Rxc7 Rxc7 20. Rc1 Rxc1+ 21. Bxc1 Nd5 22. Nd2 Bc6 23. Nc4 Bc7 24. Ne5 Bxe5 25. dxe5 Kf8 26. Bxd5 1/2-1/2

[Event "NB1 Charousek csoport"]
[Site "Komlo"]
[Date "2024.12.01"]
[Round "3.6"]
[White "Kresz, Adam"]
[Black "Kasnya, Peter"]
[Result "1-0"]
[WhiteElo "2186"]
[BlackElo "1931"]
[PlyCount "63"]
[GameId "2119695596114888"]
[EventDate "2024.11.03"]
[EventType "team-tourn"]
[EventRounds "11"]
[EventCountry "HUN"]
[Source "chess.hu"]
[WhiteTeam "Komloi BSK"]
[BlackTeam "Tapolca Varosi SE"]
[WhiteTeamCountry "HUN"]
[BlackTeamCountry "HUN"]

1. e4 c5 2. Nf3 g6 3. d4 cxd4 4. Nxd4 Bg7 5. c4 Nc6 6. Be3 Nf6 7. Nc3 d6 8. Be2 O-O 9. O-O Bd7 10. f4 Nxd4 11. Bxd4 Bc6 12. Bf3 Nd7 13. Bxg7 Kxg7 14. Kh1 a5 15. b3 f6 16. Re1 Qb6 17. Rb1 Rfe8 18. a3 Qc5 19. Qc1 Reb8 20. b4 axb4 21. axb4 Qa7 22. b5 Nc5 23. Qd2 Be8 24. e5 dxe5 25. fxe5 Bf7 26. exf6+ exf6 27. Bd5 Rf8 28. Qd4 Rad8 29. b6 Qa3 30. Nb5 Bxd5 31. cxd5 Nb3 32. Qc3 1-0

[Event "NB1 Charousek csoport"]
[Site "Komlo"]
[Date "2024.12.01"]
[Round "3.7"]
[White "Alexandrova, Angelina"]
[Black "Amrein, Roland"]
[Result "0-1"]
[WhiteElo "1849"]
[BlackElo "2154"]
[PlyCount "22"]
[GameId "2119695634916312"]
[EventDate "2024.11.03"]
[EventType "team-tourn"]
[EventRounds "11"]
[EventCountry "HUN"]
[Source "chess.hu"]
[WhiteTeam "Tapolca Varosi SE"]
[BlackTeam "Komloi BSK"]
[WhiteTeamCountry "HUN"]
[BlackTeamCountry "HUN"]

1. e4 d6 2. Nc3 c6 3. a4 Nf6 4. h3 d5 5. e5 Ne4 6. Nxe4 dxe4 7. Bc4 e6 8. Qe2 Qd4 9. d3 Nd7 10. c3 Qxe5 11. Nf3 exf3 0-1

[Event "NB1 Charousek csoport"]
[Site "Komlo"]
[Date "2024.12.01"]
[Round "3.8"]
[White "Kresz, Tamas"]
[Black "Horvath, Lajos"]
[Result "1-0"]
[WhiteElo "2098"]
[BlackElo "1782"]
[PlyCount "69"]
[GameId "2119695768826856"]
[EventDate "2024.11.03"]
[EventType "team-tourn"]
[EventRounds "11"]
[EventCountry "HUN"]
[Source "chess.hu"]
[WhiteTeam "Komloi BSK"]
[BlackTeam "Tapolca Varosi SE"]
[WhiteTeamCountry "HUN"]
[BlackTeamCountry "HUN"]

1. Nf3 d5 2. e3 Bg4 3. c4 Bxf3 4. Qxf3 Nf6 5. Nc3 e6 6. b3 c6 7. Bb2 Be7 8. cxd5 exd5 9. Bd3 Nbd7 10. Bc2 O-O 11. Ne2 c5 12. O-O Qc7 13. Ng3 Rad8 14. Rac1 g6 15. d4 b6 16. Rfd1 Qd6 17. e4 Nxe4 18. dxc5 Qe6 19. Bxe4 dxe4 20. Nxe4 bxc5 21. Qc3 f6 22. Re1 Ne5 23. Nxc5 Bxc5 24. Qxc5 Rc8 25. Qe3 Rxc1 26. Rxc1 Qa6 27. Bxe5 fxe5 28. Qd2 Qb6 29. Qd5+ Rf7 30. Rc8+ Kg7 31. Qxe5+ Kh6 32. Qe3+ Qxe3 33. fxe3 Rd7 34. Rc2 Rd1+ 35. Kf2 1-0

[Event "NB1 Charousek csoport"]
[Site "Komlo"]
[Date "2024.12.01"]
[Round "3.9"]
[White "Kiss, Gergely"]
[Black "Jaro, Benjamin"]
[Result "1/2-1/2"]
[WhiteElo "1823"]
[BlackElo "2027"]
[PlyCount "53"]
[GameId "2119695804752888"]
[EventDate "2024.11.03"]
[EventType "team-tourn"]
[EventRounds "11"]
[EventCountry "HUN"]
[Source "chess.hu"]
[WhiteTeam "Tapolca Varosi SE"]
[BlackTeam "Komloi BSK"]
[WhiteTeamCountry "HUN"]
[BlackTeamCountry "HUN"]

1. d4 d5 2. Nf3 Nf6 3. Bf4 e6 4. e3 c5 5. c3 Nc6 6. Bd3 cxd4 7. exd4 Nh5 8. Bg3 g6 9. O-O Nxg3 10. hxg3 Bg7 11. Nbd2 O-O 12. Re1 Qd6 13. Qc2 Bd7 14. Rad1 Rfe8 15. Nb3 b6 16. Qd2 Rad8 17. Re2 a5 18. Bb5 Na7 19. Bxd7 Rxd7 20. Qf4 Qxf4 21. gxf4 Rc7 22. a3 Bf8 23. a4 f6 24. Rde1 Kf7 25. g4 Rc4 26. f5 Rc6 27. fxg6+ 1/2-1/2

[Event "NB1 Charousek csoport"]
[Site "Komlo"]
[Date "2024.12.01"]
[Round "3.10"]
[White "Solty, Laszlo"]
[Black "Torok, Gyula"]
[Result "1-0"]
[WhiteElo "2063"]
[BlackElo "1500"]
[PlyCount "95"]
[GameId "2119695842464778"]
[EventDate "2024.11.03"]
[EventType "team-tourn"]
[EventRounds "11"]
[EventCountry "HUN"]
[Source "chess.hu"]
[WhiteTeam "Komloi BSK"]
[BlackTeam "Tapolca Varosi SE"]
[WhiteTeamCountry "HUN"]
[BlackTeamCountry "HUN"]

1. e4 c5 2. Nc3 a6 3. a4 d6 4. g3 Nf6 5. Bg2 Nbd7 6. Nge2 g6 7. d3 Bg7 8. O-O Rb8 9. b3 b5 10. axb5 axb5 11. Bb2 b4 12. Nd5 Bb7 13. Ne3 O-O 14. Nc4 d5 15. exd5 Bxd5 16. Nf4 Bxg2 17. Kxg2 Nb6 18. Nxb6 Qxb6 19. Qf3 e6 20. Be5 Rbc8 21. h4 h5 22. Rfe1 Qc6 23. Ra5 Qxf3+ 24. Kxf3 Rfd8 25. Ra7 Nd5 26. Bxg7 Nxf4 27. Bf6 Nxd3 28. cxd3 Rxd3+ 29. Re3 Rd5 30. Be5 f6 31. Bf4 g5 32. hxg5 fxg5 33. Be5 g4+ 34. Kg2 Rcd8 35. Bf6 Re8 36. Rg7+ Kf8 37. Rh7 Rf5 38. Be5 Kg8 39. Rc7 Rd8 40. Bf4 h4 41. Rxe6 h3+ 42. Kh2 Rd3 43. Re8+ Rf8 44. Ree7 Rfd8 45. Rg7+ Kf8 46. Rh7 Kg8 47. Be5 Rxb3 48. Rh8# 1-0

[Event "NB1 Charousek csoport"]
[Site "Komlo"]
[Date "2024.12.01"]
[Round "3.11"]
[White "Torok, Gergo"]
[Black "Csiszar, Viktoria"]
[Result "0-1"]
[WhiteElo "1435"]
[BlackElo "1929"]
[PlyCount "74"]
[GameId "2119695879246874"]
[EventDate "2024.11.03"]
[EventType "team-tourn"]
[EventRounds "11"]
[EventCountry "HUN"]
[Source "chess.hu"]
[WhiteTeam "Tapolca Varosi SE"]
[BlackTeam "Komloi BSK"]
[WhiteTeamCountry "HUN"]
[BlackTeamCountry "HUN"]

1. d4 Nf6 2. Nf3 c5 3. c4 g6 4. Bf4 cxd4 5. Be5 Bg7 6. Bxd4 Nc6 7. Nc3 Nxd4 8. Qxd4 O-O 9. g3 Qa5 10. Qd2 Qc5 11. e3 d6 12. Qd4 Qb4 13. Qd2 Bg4 14. a3 Qc5 15. Bg2 Qxc4 16. Qd4 Qa6 17. b4 Nd5 18. Nxd5 Bxd4 19. Nxd4 Qc4 20. Kd2 Qa6 21. Bf1 b5 22. Nc7 Qb7 23. Nxa8 Qxh1 24. Nc7 Bh3 25. Ke2 e5 26. Nc2 Bxf1+ 27. Rxf1 Qc6 28. Ne1 Qxc7 29. f4 exf4 30. exf4 Re8+ 31. Kd2 Qe7 32. h4 Qe2+ 33. Kc3 Qxf1 34. Nc2 Qc4+ 35. Kb2 Re2 36. Kb1 Qxc2+ 37. Ka1 Qb2# 0-1

[Event "NB1 Charousek csoport"]
[Site "Komlo"]
[Date "2024.12.01"]
[Round "3.12"]
[White "Pater, Peter"]
[Black "Zsoldos, Balint"]
[Result "1-0"]
[WhiteElo "1983"]
[BlackElo "1549"]
[PlyCount "67"]
[GameId "2119695913341994"]
[EventDate "2024.11.03"]
[EventType "team-tourn"]
[EventRounds "11"]
[EventCountry "HUN"]
[Source "chess.hu"]
[WhiteTeam "Komloi BSK"]
[BlackTeam "Tapolca Varosi SE"]
[WhiteTeamCountry "HUN"]
[BlackTeamCountry "HUN"]

1. d4 Nf6 2. c4 c5 3. d5 b5 4. cxb5 a6 5. bxa6 Bxa6 6. Nc3 g6 7. e4 Bxf1 8. Kxf1 d6 9. g3 Bg7 10. Kg2 O-O 11. Qc2 Nbd7 12. a4 Qb6 13. Nb5 Rfc8 14. Ne2 c4 15. Be3 Qb7 16. f3 Ne5 17. Ned4 Nfd7 18. Rhd1 Nc5 19. Bg1 Nb3 20. Nxb3 cxb3 21. Qxb3 Nc4 22. Qb4 Nb6 23. Nc3 Rc4 24. Qxb6 Qc8 25. Rdc1 Rb8 26. Qf2 Rcb4 27. Rc2 Bxc3 28. bxc3 Rb3 29. Qd2 Qa6 30. Bd4 Rb1 31. Rxb1 Rxb1 32. Qe2 Qb7 33. a5 Ra1 34. Rb2 1-0

[Event "NB1 Charousek csoport"]
[Site "Alsoszolnok"]
[Date "2024.12.01"]
[Round "3.1"]
[White "Grover, Sahaj"]
[Black "Sebenik, Matej"]
[Result "1-0"]
[WhiteElo "2460"]
[BlackElo "2502"]
[PlyCount "133"]
[GameId "2119679873774401"]
[EventDate "2024.11.03"]
[EventType "team-tourn"]
[EventRounds "11"]
[EventCountry "HUN"]
[Source "chess.hu"]
[WhiteTeam "Sentimento Ajka BSK"]
[BlackTeam "SZ-A STE"]
[WhiteTeamCountry "HUN"]
[BlackTeamCountry "HUN"]

1. e4 c5 2. Nf3 Nc6 3. Nc3 g6 4. d4 cxd4 5. Nxd4 Bg7 6. Be3 Nf6 7. Bc4 O-O 8. Bb3 d6 9. f3 Qa5 10. Qd2 Nxd4 11. Bxd4 Be6 12. O-O-O b5 13. Kb1 b4 14. Nd5 Bxd5 15. exd5 Qb5 16. Qd3 Qxd3 17. Rxd3 Nd7 18. Bxg7 Kxg7 19. Re3 Kf6 20. Rhe1 g5 21. Rxe7 Ne5 22. Rb7 Rfb8 23. Rxb8 Rxb8 24. Kc1 h5 25. Kd2 h4 26. Ke2 a5 27. Ra1 h3 28. g4 Re8 29. Kf2 Ng6 30. a3 Nf4 31. Bc4 Rc8 32. b3 bxa3 33. Rxa3 Rc5 34. Ra1 Ke5 35. Re1+ Kd4 36. Re3 Rc7 37. c3+ Kc5 38. Re4 f6 39. Kg3 Rc8 40. Re7 a4 41. Ba6 Nxd5 42. Re4 Rb8 43. Rxa4 Nxc3 44. Rc4+ Kb6 45. Rb4+ Ka7 46. Rxb8 Kxb8 47. Kxh3 d5 48. Kg3 Kc7 49. h4 gxh4+ 50. Kxh4 d4 51. Kg3 Kd6 52. Kf4 Nd5+ 53. Ke4 Kc5 54. f4 Nc3+ 55. Kf5 Nd5 56. g5 fxg5 57. fxg5 Ne7+ 58. Ke4 Kb4 59. Kxd4 Kxb3 60. Bd3 Kb4 61. Ke5 Kc5 62. Be4 Nc8 63. g6 Ne7 64. g7 Kb6 65. Ke6 Ng8 66. Bh7 Nh6 67. Kf6 1-0

[Event "NB1 Charousek csoport"]
[Site "Alsoszolnok"]
[Date "2024.12.01"]
[Round "3.2"]
[White "Seres, Lajos"]
[Black "Pasti, Aron"]
[Result "1/2-1/2"]
[WhiteElo "2308"]
[BlackElo "2367"]
[PlyCount "29"]
[GameId "2119679930016593"]
[EventDate "2024.11.03"]
[EventType "team-tourn"]
[EventRounds "11"]
[EventCountry "HUN"]
[Source "chess.hu"]
[WhiteTeam "SZ-A STE"]
[BlackTeam "Sentimento Ajka BSK"]
[WhiteTeamCountry "HUN"]
[BlackTeamCountry "HUN"]

1. d4 Nf6 2. c4 e6 3. Nf3 b6 4. g3 Ba6 5. Qa4 Bb7 6. Bg2 Be7 7. O-O O-O 8. Nc3 Ne4 9. Qc2 Nxc3 10. Qxc3 Be4 11. Bf4 d6 12. Qe3 Bb7 13. Qd3 Qc8 14. e4 Nd7 15. Rfe1 1/2-1/2

[Event "NB1 Charousek csoport"]
[Site "Alsoszolnok"]
[Date "2024.12.01"]
[Round "3.3"]
[White "Kolimar, Kristof Pal"]
[Black "Magold, Filip"]
[Result "0-1"]
[WhiteElo "2260"]
[BlackElo "2428"]
[PlyCount "72"]
[GameId "2119679982334824"]
[EventDate "2024.11.03"]
[EventType "team-tourn"]
[EventRounds "11"]
[EventCountry "HUN"]
[Source "chess.hu"]
[WhiteTeam "Sentimento Ajka BSK"]
[BlackTeam "SZ-A STE"]
[WhiteTeamCountry "HUN"]
[BlackTeamCountry "HUN"]

1. Nf3 d5 2. c4 c6 3. g3 Bg4 4. Bg2 e6 5. O-O Nf6 6. cxd5 Bxf3 7. Bxf3 cxd5 8. Nc3 Nc6 9. d4 Be7 10. b3 O-O 11. Bb2 a6 12. Rc1 Rc8 13. e3 Qa5 14. Qe2 Bb4 15. Na4 b5 16. Nc5 Bxc5 17. dxc5 b4 18. Qc2 Nd7 19. Bd4 Ne7 20. Qb2 f6 21. Bg4 Rc6 22. Rc2 Rfc8 23. Rfc1 Kf7 24. Qb1 g6 25. Qa1 R8c7 26. f4 Ng8 27. a3 bxa3 28. Ra2 Nxc5 29. Rxa3 Qb5 30. b4 Ne4 31. Re1 Qxb4 32. Be2 Ne7 33. Bxa6 Qd2 34. Qd1 Qf2+ 35. Kh1 Rxa6 36. Rxa6 Rc2 0-1

[Event "NB1 Charousek csoport"]
[Site "Alsoszolnok"]
[Date "2024.12.01"]
[Round "3.4"]
[White "Dankhazi, Andras"]
[Black "Czebe, Attila"]
[Result "1/2-1/2"]
[WhiteElo "2320"]
[BlackElo "2294"]
[PlyCount "35"]
[GameId "2119680028918650"]
[EventDate "2024.11.03"]
[EventType "team-tourn"]
[EventRounds "11"]
[EventCountry "HUN"]
[Source "chess.hu"]
[WhiteTeam "SZ-A STE"]
[BlackTeam "Sentimento Ajka BSK"]
[WhiteTeamCountry "HUN"]
[BlackTeamCountry "HUN"]

1. d4 d6 2. e4 g6 3. c4 Bg7 4. Nc3 e5 5. Nf3 Nc6 6. dxe5 dxe5 7. Qxd8+ Kxd8 8. Bg5+ f6 9. O-O-O+ Bd7 10. Be3 Kc8 11. Nd5 Nd8 12. c5 c6 13. Nc3 Nh6 14. h3 Kc7 15. Nd2 Nhf7 16. Nc4 Ne6 17. b4 Rad8 18. Be2 1/2-1/2